书目信息 |
| 题名: |
“十三五”期间第一批热带南亚热带作物主导品种和主推技术
|
|
| 作者: | 王守聪 主编 ;农业部农垦局 , 农业部发展南亚热带作物办公室 编 | |
| 分册: | ||
| 出版信息: | 北京 中国农业出版社 2018 |
|
| 页数: | 148页 | |
| 开本: | 21cm | |
| 丛书名: | ||
| 单 册: | ||
| 中图分类: | S59 | |
| 科图分类: | ||
| 主题词: | 热带作物--品种 , 亚热带作物--品种 , 热带作物--栽培技术 , 亚热带作物--栽培技术 | |
| 电子资源: | ||
| ISBN: | 978-7-109-23937-1 | |
| 000 | 01221nam0 2200301 45 | |
| 001 | 012001000624 | |
| 005 | 20140106135528.0 | |
| 010 | @a978-7-109-23937-1@dCNY25.00 | |
| 100 | @a20181129d2018 em y0chiy50 ea | |
| 101 | 0 | @achi |
| 102 | @aCN@b110000 | |
| 105 | @ay z 000yy | |
| 106 | @ar | |
| 200 | 1 | @a“十三五”期间第一批热带南亚热带作物主导品种和主推技术@A“ shi san wu ” qi jian di yi pi re dai nan ya re dai zuo wu zhu dao pin zhong he zhu tui ji shu@f农业部农垦局,农业部发展南亚热带作物办公室编 |
| 210 | @a北京@c中国农业出版社@d2018 | |
| 215 | @a148页@d21cm | |
| 314 | @a主编:王守聪 | |
| 330 | @a本书介绍了“十三五”期间第一批46个热作新主导品种和24项新主推技术。其中主导品种包括橡胶树、木薯、咖啡、澳洲坚果等,主推技术为橡胶树主推技术、咖啡主推技术、香蕉主推技术等。 | |
| 606 | 0 | @a热带作物@x品种 |
| 606 | 0 | @a亚热带作物@x品种 |
| 606 | 0 | @a热带作物@x栽培技术 |
| 606 | 0 | @a亚热带作物@x栽培技术 |
| 690 | @aS59@v5 | |
| 701 | 0 | @a王守聪@Awang shou cong@4主编 |
| 712 | 02 | @a农业部农垦局@Anong ye bu nong ken ju@4编 |
| 712 | 02 | @a农业部发展南亚热带作物办公室@Anong ye bu fa zhan nan ya re dai zuo wu ban gong shi@4编 |
| 801 | 0 | @aCN@b北京卓展文化@c20191020 |
| 905 | @b1200728-31@dS59@e96@f4 | |
| “十三五”期间第一批热带南亚热带作物主导品种和主推技术/农业部农垦局,农业部发展南亚热带作物办公室编.-北京:中国农业出版社,2018 |
| 148页;21cm |
| ISBN 978-7-109-23937-1:CNY25.00 |
| 本书介绍了“十三五”期间第一批46个热作新主导品种和24项新主推技术。其中主导品种包括橡胶树、木薯、咖啡、澳洲坚果等,主推技术为橡胶树主推技术、咖啡主推技术、香蕉主推技术等。 |
| ● |
| 相关链接 |
|
|
|
|
正题名:"十三五"期间第一批热带南亚热带作物主导品种和主推技术
索取号:S59/96
 
预约/预借
| 序号 | 登录号 | 条形码 | 馆藏地/架位号 | 状态 | 备注 |
| 1 | 1200728 | 212007282 | 第二样本阅览室/ [索取号:S59/96] | 在馆 | |
| 2 | 1200729 | 212007291 | 第三借阅区/ [索取号:S59/96] | 在馆 | |
| 3 | 1200730 | 212007308 | 第三借阅区/ [索取号:S59/96] | 在馆 | |
| 4 | 1200731 | 212007317 | 第三借阅区/ [索取号:S59/96] | 在馆 |